Quiz d'Art, retrouvez l'auteur du Chef-d'œuvre - Statistiques

Statistiques générales
  • Ce quiz a été pris 19 fois
  • Le résultat moyen est 7 sur 16
Statistiques - réponses
Par images Réponse % Correct
Joseph Mallord William Turner
92%
Rembrandt
92%
Guiseppe Arcimboldo
75%
Jan Van Eyck
75%
Edouard Manet
67%
Le Caravage
67%
Albrecht Dürer
42%
Goerges de La Tour
33%
Jean-Auguste-Dominique Ingres
25%
Paulo Uccello
25%
Pierre Paul Rubens
25%
James Abbott McNeill Whistler
17%
Johann Heinrich Füssli
17%
Albert Edelfelt
8%
Gallen kallela
8%
Giovanni Boldini
8%
Aucun quiz correspondant
Distribution des résultats
% des personnes avec chaque résultat
Percentile par nombre de réponses
Votre historique - résultats
Vous n’avez pas pris ce quiz